Fuzzy sets, decision making and expert systems
Saved in:
| Main Author: | |
|---|---|
| Format: | Book |
| Language: | English |
| Published: |
Boston :
Kluwer Academic Publishers,
c1987
|
| Series: | International series in management science/operations research
|
| Subjects: | |
| Tags: |
Add Tag
No Tags, Be the first to tag this record!
|
MARC
| LEADER | 00000cam a2200000 i 4500 | ||
|---|---|---|---|
| 001 | 1/48821 | ||
| 008 | 950728s1987 eng d | ||
| 020 | |a 0-89838-149-5 | ||
| 035 | |1 ΕΛΗ |a 1995 |b 1807 |c ΔΑΡΖΕΝΤΑΣ |l 10043442 | ||
| 040 | |a GR-MY-UA |b gre |e aacr | ||
| 041 | 0 | |a eng | |
| 082 | 0 | |a 511.32 | |
| 100 | 1 | |a Zimmermann, H.-J. |q (Hans-Jürgen), |d 1934- | |
| 245 | 1 | 0 | |a Fuzzy sets, decision making and expert systems / |c H.-J. Zimmermann |
| 260 | |a Boston : |b Kluwer Academic Publishers, |c c1987 | ||
| 300 | |a ix, 335 p.; |b ill.; |c 24 cm. | ||
| 490 | 1 | |a International series in management science/operations research | |
| 500 | |a Includes index | ||
| 500 | |a Bibliography: p. 315-328 | ||
| 650 | 0 | 0 | |a Statistical decision. |
| 650 | 0 | 0 | |a Expert systems (Computer science) |
| 650 | 0 | 0 | |a Fuzzy sets. |
| 830 | 0 | |a International series in management science/operations research | |
| 852 | |a INST |b CHIOS |e 20011212 |h 511.32 ZIM |p 005200020400 |q 005200020400 |t BK |y 0 | ||
| 852 | |a INST |b CHIOS |e 20011212 |h 511.32 ZIM |p 005200020401 |q 005200020401 |t BK |y 0 | ||
| 852 | |a INST |b CHIOS |e 20011212 |h 511.32 ZIM |p 005200020419 |q 005200020419 |t BK |y 0 | ||
| 852 | |a INST |b CHIOS |e 20011212 |h 511.32 ZIM |p 005200020420 |q 005200020420 |t BK |y 0 | ||
| 852 | |a INST |b SAMOS |e 19950728 |h 511.32 ZIM |p 005300012062 |q 005300012062 |t BK |y 0 | ||
| 901 | |a BIBL-1997-2 | ||
| 901 | |a BIBL2-2001-3 | ||
| 909 | |a Σ |b 051499 | ||
| 909 | |a Χ |b 098620 | ||
| 909 | |a Χ |b 098621 | ||
| 909 | |a Χ |b 098618 | ||
| 909 | |a Χ |b 098619 | ||